Tous les champion d’arène (doyen et capitaine inclut) - Statistiques

Statistiques générales
  • Ce quiz a été pris 22 fois
    15 depuis la dernière actualisation
  • Le résultat moyen est 53 sur 67
Statistiques - réponses
Indice Réponse % Correct
Carmin-Sur-Mer Major Bob
100%
Azuria Ondine
100%
Argenta Pierre
100%
Doublonville Blanche
91%
Joliberges Charles
91%
Céladopole Erika
91%
Vestigion Flo
91%
Unionpolis Kiméra
91%
Verchamps Lovis
91%
Voilaroc Mélina
91%
Charbourg Pierrick
91%
Ogoesse Rachid
91%
Rivamar Tanguy
91%
Vermilava Adriane
82%
Mauville Albert
82%
Cimtronelle Alizée
82%
Ogoesse Armando
82%
Volucité Artie
82%
Flusselles Astéra
82%
Cramois'île Auguste
82%
Jungle Sombrefeuille Barbara
82%
Port Yonneuve Bardanne
82%
Myokara Bastien
82%
Parsemille Carolina
82%
Observatoire Chrys
82%
Jadielle Giovanni
82%
Frimapic Gladys
82%
Méanville Inézia
82%
Atalanopolis (version émeraude) Juan
82%
Parmanie Koga
82%
Illumis Lem
82%
Algatia Lévy
82%
Atalanoplis Marc
82%
Ancien site Bradley prix Margie
82%
Safrania Morgane
82%
Coline Clapotis Néphie
82%
Ogoesse Noa
82%
Clémenti-ville Norman
82%
Mérouville Roxanne
82%
Algatia Tatia
82%
Romant-sous-Bois Valérianne
82%
Neuvartault Violette
82%
Lavanville Voltère
82%
Flocombe Zhu
82%
Maillard Aloé
73%
Irisia Chuck
73%
Acajou Frédo
73%
Écorcia Hector
73%
Janusia Iris
73%
Oliville Jasmine
73%
Parc Volcanique Kiawe
73%
Relifac-le-Haut Lino
73%
Rosalia Mortimer
73%
Ébénelle Sandra
73%
Onde-Sur-mer Strykna
73%
Pavonnay Tcheren
73%
Auffrac-les-Congères Urup
73%
Janusia Watson
73%
Grotte Verdoyante Althéo
64%
Ruines de L'eveil Alyxia
64%
Papeloa Amana
64%
Port Tempères Amaro
64%
Yantreizh Cornélia
64%
Malié Danh
64%
Chemin du Défi Oléa
64%
Grand Canyon de Poni Polie
55%
Lili'i Pectaurius
18%
Aucun quiz correspondant
Distribution des résultats
% des personnes avec chaque résultat
Percentile par nombre de réponses
Votre historique - résultats
Vous n’avez pas pris ce quiz depuis la dernière actualisation